Score 0/37 Timer 10:00
0 Plays Today
% Correct
The Death Eaters
87.4%
The Riddle House
85.3%
Priori Incantatem
85.3%
Back to the Burrow
84.2%
Flesh, Blood, and Bone
84.2%
Weasleys' Wizard Wheezes
83.2%
The Dark Mark
83.2%
The Quidditch World Cup
82.1%
The Invitation
81.1%
Mad-Eye Moody
81.1%
Mayhem at the Ministry
78.9%
Bagman and Crouch
77.9%
The Goblet of Fire
77.9%
The Beginning
76.8%
Rita Skeeter's Scoop
74.7%
Veritaserum
74.7%
The Yule Ball
73.7%
The Second Task
73.7%
The Parting of the Ways
73.7%
% Correct
Aboard the Hogwarts Express
72.6%
The Unexpected Task
72.6%
The Four Champions
71.6%
The First Task
69.5%
The Scar
68.4%
Padfoot Returns
68.4%
The Dream
68.4%
The Portkey
67.4%
The Weighing of the Wands
67.4%
The Triwizard Tournament
64.2%
The Pensieve
62.1%
The Third Task
60%
The Unforgivable Curses
55.8%
The Hungarian Horntail
54.7%
The Egg and the Eye
53.7%
Beauxbatons and Durmstrang
45.3%
The Madness of Mr. Crouch
45.3%
The House-Elf Liberation Front
44.2%
Remove Ads.
Support Sporcle.
Get the best of Sporcle when you Go Orange. This ad-free experience offers more features, more stats, and more fun while also helping to support Sporcle. Thank you for becoming a member.

You're not logged in!

Compare scores with friends on all Sporcle quizzes.
OR
Log In

Show Comments

Extras

Created Dec 11, 2018ReportNominate
Tags:Harry Potter Quiz

Top Quizzes Today


Score Distribution

Your Account Isn't Verified!

In order to create a playlist on Sporcle, you need to verify the email address you used during registration. Go to your Sporcle Settings to finish the process.

Report this User

Report this user for behavior that violates our Community Guidelines.

Details: